| 000 | 00624nam a2200217Ia 4500 | ||
|---|---|---|---|
| 003 | OSt | ||
| 005 | 20230401095111.0 | ||
| 008 | 210423s2009 xx 000 0 und d | ||
| 020 | _a9788171945245 | ||
| 040 | _cAL | ||
| 041 | _aeng | ||
| 082 |
_a658.15 JAWA _223 |
||
| 100 |
_aJAWAHAR LAL. _981466 |
||
| 245 | _aTaxmanns corporate financial reporting: theory practice and cases. | ||
| 250 | _a3 | ||
| 260 |
_aNew Delhi _bTaxmann Publications Pvt Ltd _c2009 |
||
| 300 |
_aI-19,541 _bPB |
||
| 365 |
_b400 _cINR |
||
| 906 | _acases. ; corporate ; financial ; practice ; reporting: ; Taxmanns ; theory | ||
| 942 |
_2ddc _cBK |
||
| 999 |
_c155387 _d155387 |
||